| 000 | 01610nam0a2200385 4500 | ||
|---|---|---|---|
| 001 | RU\NLR\bibl\322303 | ||
| 005 | 20260405085651.0 | ||
| 010 |
_a5-8018-0066-2 _910000 |
||
| 021 |
_aRU _b2002-32690 _91615 |
||
| 035 | _a(NLR Aleph) 000317332 | ||
| 090 |
_a75193 _c75193 |
||
| 100 | _a20021016d2002 |||y0rusy50 ca | ||
| 101 | 0 | _arus | |
| 102 | _aRU | ||
| 105 | _ay ||||||||| | ||
| 200 | 1 |
_aТеория бухгалтерского учета _eУчебник _fВ. М. Никитин, Д. А. Никитина |
|
| 205 | _a2-е изд., перераб. и доп. | ||
| 210 |
_aМ. _cДело и сервис _d2002 |
||
| 215 |
_a352 с. _cил. _d22 |
||
| 320 | _aБиблиогр.: с. 348-350 | ||
| 606 | 0 |
_aБухгалтерский учет _jРуководства, пособия и т.п. для высшей школы _91050112 _3RU\NLR\auth\6687700 |
|
| 606 | 0 |
_aБухгалтерский учет _jУчебные издания для высшей школы _91050112 _3RU\NLR\auth\6687700 |
|
| 610 | 0 | _aБухгалтерский учет | |
| 675 |
_a657.1 _v3 _zrus |
||
| 686 |
_a06.75 _2rugasnti |
||
| 686 |
_a65.052 _2rubbk |
||
| 686 | _aУ052я73 | ||
| 700 | 1 |
_4070 _8rus _7ca _aНикитин _bВ. М. _cэкономист _gВладимир Михайлович _3RU\NLR\auth\7731566 _914576 |
|
| 701 | 1 |
_4070 _8rus _7ca _aНикитина _bД. А. _cэкономист _gДарья Андреевна _3RU\NLR\auth\7731567 _914577 |
|
| 801 | 0 |
_aRU _bRKP _c20021016 _gPSBO |
|
| 801 | 1 |
_aRU _bRKP _c20021016 |
|
| 801 | 2 |
_aRU _bNLR _c20051213 _grcr |
|
| 942 | _cBOOK | ||
| 980 | _aNB | ||